=LDR 00000nam 2200000 4500 =001 INLIS000000000032089 =005 20130612134121 =008 ***********************************Ind** =035 ##$$0010-061300000032089 =041 ##$$a Ind =082 ##$$a 425 =090 ##$$a 425, Pur, e =100 ##$$a Purnomo,Wahyu =245 ##$$a English Grammar and Conversation=Tata Bahasa dan Percakapan Bahasa Inggris sehari-hari, Wahyu Purnomo =260 ##$$a 2005 $b Surabaya =300 ##$$a 265 hlm., ilus., 20 cm =650 ##$$a Bahasa Inggris-Tata Bahasa =850 ##$$a NBPNMAT